[Event "World Youth U-16 Olympiad 2018"]
[Site "Konya"]
[Date "2018.11.28"]
[Round "5"]
[White "Subelj, Jan"]
[Black "Muradli, Mahammad"]
[Result "0-1"]
[WhiteElo "2281"]
[BlackElo "2420"]
[Annotator "TA"]
[PlyCount "158"]
[EventDate "2018.11.25"]
[EventType "team-tourn"]
[EventCountry "TUR"]
[SourceTitle "playchess.com"]
[Source "ChessBase"]
[SourceQuality "1"]
[WhiteTeam "Slovenia"]
[BlackTeam "Azerbaijan"]
[WhiteTeamCountry "SLO"]
[BlackTeamCountry "AZE"]

1. e4 c5 2. Nf3 d6 3. Bc4 Nf6 4. Qe2 e6 5. O-O Nc6 6. d3 Be7 7. c3 O-O 8. Nbd2 a6 9. a4 b6 10. Rd1 Bb7 11. Nf1 Qc7 12. Ng3 Rfe8 13. Bf4 Ne5 14. Bb3 Ng6 15. Bd2 Qc6 16. Bc2 e5 17. c4 Bf8 18. Nf5 Nf4 19. Qf1 Ne6 20. Rdc1 g6 21. Ne3 Nd4 22. Bd1 Qd7 23. g3 b5 24. a5 h5 25. Nxd4 exd4 26. Nd5 Bxd5 27. cxd5 Kh7 28. Bf3 Bh6 29. Bxh6 Kxh6 30. b4 Rac8 31. Bg2 Rc7 32. Rc2 Kg7 33. Rac1 Qe7 34. bxc5 Rxc5 35. Rxc5 dxc5 36. f4 Ng4 37. e5 Ne3 38. d6 Qa7 39. Qf2 c4 40. Bc6 Rd8 41. f5 Ng4 42. Qf4 Qc5 43. fxg6 fxg6 44. e6 Qxd6 45. Qxd6 Rxd6 46. e7 Nf6 47. Rf1 Re6 48. dxc4 bxc4 49. e8=Q Nxe8 50. Bd5 Rd6 51. Bxc4 Nf6 52. Bd3 Nd7 53. Rb1 Nc5 54. Bf1 d3 55. Kf2 d2 56. Rd1 Nb3 57. Ke3 Kf6 58. Bd3 Re6+ 59. Kf2 Rd6 60. Ke3 Kg5 61. Be2 Re6+ 62. Kf2 Rf6+ 63. Ke3 Re6+ 64. Kf2 Rd6 65. Ke3 Kh6 66. Bd3 Re6+ 67. Kf2 Rd6 68. Ke3 g5 69. Be2 g4 70. Bd3 Kg5 71. Be2 Kf5 72. Rf1+ Ke5 73. Rd1 Nd4 74. Bd3 Nb3 75. Be2 Kd5 76. Rb1 Re6+ 77. Kf2 Nc1 78. Bd1 Re1 79. Bc2 Nd3+ 0-1

[Event "World Youth U-16 Olympiad 2018"]
[Site "Konya"]
[Date "2018.11.28"]
[Round "5"]
[White "Haring, Filip"]
[Black "Botez, Andrea"]
[Result "1-0"]
[WhiteElo "2258"]
[BlackElo "1647"]
[Annotator "TA"]
[PlyCount "97"]
[EventDate "2018.11.25"]
[EventType "team-tourn"]
[EventCountry "TUR"]
[SourceTitle "playchess.com"]
[Source "ChessBase"]
[SourceQuality "1"]
[WhiteTeam "Slovakia"]
[BlackTeam "Canada"]
[WhiteTeamCountry "SVK"]
[BlackTeamCountry "CAN"]

1. d4 Nf6 2. c4 g6 3. g3 Bg7 4. Bg2 d6 5. Nc3 O-O 6. e4 e5 7. Nge2 Nc6 8. d5 Ne7 9. O-O c6 10. b3 cxd5 11. exd5 Bf5 12. Ba3 b6 13. Qd2 Re8 14. Rac1 Ng4 15. h3 Bh6 16. f4 Nf6 17. g4 Nxg4 18. hxg4 Bxg4 19. Ne4 Nf5 20. Bb2 Qh4 21. Rce1 Rad8 22. Qc3 Bxe2 23. Rxe2 Nd4 24. Ree1 Bxf4 25. Qh3 Nf3+ 26. Rxf3 Qxe1+ 27. Rf1 Qe3+ 28. Kh1 Qxh3+ 29. Bxh3 Re7 30. Ba3 f5 31. Nxd6 Red7 32. Nb5 a6 33. Nc3 Kg7 34. Na4 Be3 35. Bb2 Re7 36. Re1 f4 37. Be6 Kf6 38. Nc3 g5 39. Ne4+ Kg6 40. Bxe5 Rf8 41. Bd6 Rxe6 42. dxe6 Re8 43. e7 Kf5 44. Nc3 Bd4 45. Nd5 f3 46. Nc7 f2 47. Rf1 Rg8 48. e8=Q Rxe8 49. Nxe8 1-0

[Event "World Youth U-16 Olympiad 2018"]
[Site "Konya"]
[Date "2018.11.28"]
[Round "5"]
[White "Amon, Nejc"]
[Black "Ibrahimli, Murad"]
[Result "1/2-1/2"]
[WhiteElo "2257"]
[BlackElo "2379"]
[Annotator "NA RC"]
[PlyCount "63"]
[EventDate "2018.11.25"]
[EventType "team-tourn"]
[EventCountry "TUR"]
[SourceTitle "playchess.com"]
[Source "ChessBase"]
[SourceQuality "1"]
[WhiteTeam "Slovenia"]
[BlackTeam "Azerbaijan"]
[WhiteTeamCountry "SLO"]
[BlackTeamCountry "AZE"]

1. e4 e5 2. Nf3 Nc6 3. d4 exd4 4. Nxd4 Nf6 5. Nxc6 bxc6 6. e5 Qe7 7. Qe2 Nd5 8. c4 Nb6 9. Nc3 Qe6 10. Qe4 Ba6 11. c5 Bxf1 12. cxb6 Ba6 13. bxc7 Be7 14. f4 d5 15. exd6 Qxd6 16. Qe5 O-O 17. Be3 Qxe5 18. fxe5 Rfc8 19. Rc1 Bf8 20. Ne4 Rxc7 21. Nc5 Bc8 22. O-O Bxc5 23. Rxc5 Be6 24. Rfc1 Bxa2 25. Rxc6 Rxc6 26. Rxc6 a5 27. Rc7 h6 28. Ra7 Rxa7 29. Bxa7 a4 30. Kf2 Kf8 31. Bc5+ Ke8 32. Ke3 1/2-1/2

[Event "World Youth U-16 Olympiad 2018"]
[Site "Konya"]
[Date "2018.11.28"]
[Round "5"]
[White "Kerem, Halil Ozgun"]
[Black "Mladek, Richard"]
[Result "1/2-1/2"]
[WhiteElo "2248"]
[BlackElo "2312"]
[Annotator "NA RC"]
[PlyCount "73"]
[EventDate "2018.11.25"]
[EventType "team-tourn"]
[EventCountry "TUR"]
[SourceTitle "playchess.com"]
[Source "ChessBase"]
[SourceQuality "1"]
[WhiteTeam "Turkey"]
[BlackTeam "Czech Republic"]
[WhiteTeamCountry "TUR"]
[BlackTeamCountry "CZE"]

1. Nf3 Nf6 2. g3 g6 3. Bg2 Bg7 4. d4 O-O 5. O-O d6 6. c4 Nc6 7. Nc3 a6 8. h3 Bd7 9. e4 e5 10. dxe5 Nxe5 11. Nxe5 dxe5 12. Qe2 Re8 13. Be3 Be6 14. Rfd1 Qc8 15. Kh2 Nd7 16. c5 Bf8 17. c6 bxc6 18. Na4 Rb8 19. Rdc1 Qb7 20. b3 Red8 21. Bf1 Ra8 22. Qc2 c5 23. Nxc5 Nxc5 24. Bxc5 Bxc5 25. Qxc5 Rd2 26. Kg1 Qb6 27. Rc2 Rad8 28. Qxb6 cxb6 29. Rxd2 Rxd2 30. Bxa6 Bxh3 31. Bc4 Bg4 32. Kg2 Rb2 33. a4 Be6 34. a5 Bxc4 35. bxc4 bxa5 36. Rxa5 Rc2 37. Rxe5 1/2-1/2

[Event "World Youth U-16 Olympiad 2018"]
[Site "Konya"]
[Date "2018.11.28"]
[Round "5"]
[White "Svanda, Ondrej"]
[Black "Isik, Alparslan"]
[Result "0-1"]
[WhiteElo "2244"]
[BlackElo "2220"]
[Annotator "NA RC"]
[PlyCount "56"]
[EventDate "2018.11.25"]
[EventType "team-tourn"]
[EventCountry "TUR"]
[SourceTitle "playchess.com"]
[Source "ChessBase"]
[SourceQuality "1"]
[WhiteTeam "Czech Republic"]
[BlackTeam "Turkey"]
[WhiteTeamCountry "CZE"]
[BlackTeamCountry "TUR"]

1. c4 g6 2. Nc3 Bg7 3. g3 d6 4. Bg2 e5 5. d3 Nc6 6. Nf3 f5 7. O-O Nf6 8. Rb1 a5 9. a3 O-O 10. b4 axb4 11. axb4 h6 12. b5 Ne7 13. Bb2 g5 14. Qb3 Kh8 15. Ra1 Rb8 16. Ra7 f4 17. Nd2 Qe8 18. Nde4 Qh5 19. Nxf6 Rxf6 20. c5 Bh3 21. Ne4 Bxg2 22. Kxg2 g4 23. Raa1 Qh3+ 24. Kh1 Rf5 25. f3 Rh5 26. Rf2 fxg3 27. Rg2 Nf5 28. Rag1 Qxh2+ 0-1

[Event "World Youth U-16 Olympiad 2018"]
[Site "Konya"]
[Date "2018.11.28"]
[Round "5"]
[White "Wang, Yanbin"]
[Black "Bekturov, Tamerlan"]
[Result "1/2-1/2"]
[WhiteElo "2220"]
[BlackElo "2244"]
[Annotator "TA"]
[PlyCount "142"]
[EventDate "2018.11.25"]
[EventType "team-tourn"]
[EventCountry "TUR"]
[SourceTitle "playchess.com"]
[Source "ChessBase"]
[SourceQuality "1"]
[WhiteTeam "China"]
[BlackTeam "Kazakhstan"]
[WhiteTeamCountry "CHN"]
[BlackTeamCountry "KAZ"]

1. Nf3 c5 2. g3 Nc6 3. Bg2 g6 4. O-O Bg7 5. d3 e5 6. c4 Nge7 7. Nc3 d6 8. Bd2 O-O 9. Qc1 Rb8 10. Bh6 a6 11. Bxg7 Kxg7 12. e3 b5 13. Qd2 Qb6 14. b3 h6 15. Rad1 Be6 16. Ne1 f5 17. Nd5 Qa7 18. Nc2 Bg8 19. Nxe7 Nxe7 20. Qc3 Kh7 21. Rfe1 Qc7 22. d4 e4 23. d5 bxc4 24. bxc4 Nc8 25. f3 exf3 26. Bxf3 Qg7 27. Qa5 Nb6 28. Qxa6 Rf7 29. Qb5 Ra7 30. Qb1 Nd7 31. Qc1 Rxa2 32. e4 Ne5 33. Bh1 Rbb2 34. Re2 Bf7 35. Rf1 Ng4 36. Bf3 Ne5 37. Bh1 Kg8 38. Qd1 Nxc4 39. exf5 gxf5 40. Ref2 Bg6 41. Qc1 f4 42. Ne1 Rxf2 43. Rxf2 Rxf2 44. Kxf2 Qd4+ 45. Ke2 Bh5+ 46. Bf3 Qe5+ 47. Kf2 Qd4+ 48. Ke2 Qe4+ 49. Kf2 Qd4+ 50. Ke2 fxg3 51. hxg3 Bxf3+ 52. Nxf3 Qxd5 53. Qxh6 Ne5 54. Nxe5 Qxe5+ 55. Kf3 c4 56. Qg6+ Kf8 57. g4 c3 58. g5 Ke7 59. Qh7+ Ke6 60. Qg6+ Kd5 61. Qd3+ Kc5 62. g6 Qf6+ 63. Ke2 d5 64. Qg3 Qa6+ 65. Kf2 Qa2+ 66. Kf3 Qb3 67. Qc7+ Kd4 68. Qf4+ Kc5 69. Qc7+ Kd4 70. Qf4+ Kc5 71. Qc7+ Kd4 1/2-1/2

[Event "World Youth U-16 Olympiad 2018"]
[Site "Konya"]
[Date "2018.11.28"]
[Round "5"]
[White "Tsaruk, Maksim"]
[Black "Wang, Wesley"]
[Result "1/2-1/2"]
[WhiteElo "2215"]
[BlackElo "2248"]
[Annotator "RC"]
[PlyCount "238"]
[EventDate "2018.11.25"]
[EventType "team-tourn"]
[EventCountry "TUR"]
[SourceTitle "playchess.com"]
[Source "ChessBase"]
[SourceQuality "1"]
[WhiteTeam "Belarus"]
[BlackTeam "United States"]
[WhiteTeamCountry "BLR"]
[BlackTeamCountry "USA"]

1. e4 e5 2. Nf3 Nc6 3. Bb5 a6 4. Ba4 Nge7 5. O-O g6 6. c3 Bg7 7. d4 exd4 8. cxd4 b5 9. Bb3 O-O 10. Nc3 d6 11. h3 Na5 12. Bc2 c5 13. d5 h6 14. Re1 Nc4 15. Rb1 g5 16. Ne2 f5 17. b3 g4 18. hxg4 fxg4 19. bxc4 gxf3 20. Nf4 Be5 21. Qxf3 Ng6 22. Qg3 Rf6 23. Bb2 Kh7 24. Bxe5 Nxe5 25. Nd3 Rg6 26. Qe3 Nxc4 27. Qf4 Rg4 28. Qf7+ Rg7 29. Qf4 Na3 30. Rbc1 Nxc2 31. Rxc2 Raa7 32. e5 Raf7 33. Qe3 Bf5 34. e6 Rc7 35. Rcc1 a5 36. Qf3 Qg5 37. Nf4 c4 38. Nh5 Rge7 39. Ng3 Bg6 40. Qa3 Qxd5 41. Qxa5 Ra7 42. Qd8 Rxe6 43. Rxe6 Qxe6 44. Rd1 c3 45. Rxd6 Qe7 46. Qb6 c2 47. Ne2 Rxa2 48. g3 Ra1+ 49. Kh2 Qf7 50. Rf6 Qg7 51. Re6 c1=Q 52. Nxc1 Rxc1 53. Qxb5 Qf7 54. Qb6 Rb1 55. Qe3 Rb7 56. Kg2 Rd7 57. Qe5 Qg7 58. Qxg7+ Kxg7 59. g4 Bf7 60. Ra6 Rd3 61. f4 Bd5+ 62. Kh2 Bf7 63. Kg2 Rc3 64. Ra7 Rc6 65. Kg3 Rc3+ 66. Kh4 Rc4 67. Kg3 Rd4 68. Rc7 Rb4 69. Ra7 Rb6 70. g5 hxg5 71. fxg5 Kg6 72. Kf4 Be6 73. Ra5 Rb4+ 74. Ke5 Bf5 75. Rd5 Re4+ 76. Kd6 Re6+ 77. Kc5 Kxg5 78. Rd6 Re1 79. Rd4 Kf6 80. Rd6+ Be6 81. Rc6 Ke5 82. Rc7 Rd1 83. Rc6 Rd2 84. Rc7 Rd1 85. Rc6 Bd5 86. Rc7 Ke6 87. Rh7 Rc1+ 88. Kd4 Rc4+ 89. Kd3 Kd6 90. Rh8 Rg4 91. Rd8+ Ke5 92. Re8+ Be6 93. Re7 Rg3+ 94. Kd2 Kd6 95. Re8 Bd5 96. Re3 Rg4 97. Re8 Ra4 98. Rc8 Ke5 99. Re8+ Kd4 100. Rc8 Ra3 101. Rc7 Be6 102. Rc6 Bd5 103. Rc8 Ra7 104. Rc2 Bc4 105. Rb2 Ra8 106. Rc2 Rb8 107. Rc3 Rb2+ 108. Rc2 Rb3 109. Kc1 Bd3 110. Rb2 Ra3 111. Kd2 Ra4 112. Kc1 Ke3 113. Rh2 Rb4 114. Rh3+ Kd4 115. Rh4+ Be4 116. Rh3 Rb1+ 117. Kd2 Ra1 118. Rd3+ Kc4 119. Re3 Kd4 1/2-1/2

[Event "World Youth U-16 Olympiad 2018"]
[Site "Konya"]
[Date "2018.11.28"]
[Round "5"]
[White "Kara, Yanki"]
[Black "Sprenar, Petr"]
[Result "1-0"]
[WhiteElo "2212"]
[BlackElo "2268"]
[Annotator "TA"]
[PlyCount "81"]
[EventDate "2018.11.25"]
[EventType "team-tourn"]
[EventCountry "TUR"]
[SourceTitle "playchess.com"]
[Source "ChessBase"]
[SourceQuality "1"]
[WhiteTeam "Turkey"]
[BlackTeam "Czech Republic"]
[WhiteTeamCountry "TUR"]
[BlackTeamCountry "CZE"]

1. e4 b6 2. d4 Bb7 3. Bd3 e6 4. Nf3 Nf6 5. Qe2 d5 6. e5 Nfd7 7. O-O c5 8. c3 Nc6 9. a3 a5 10. a4 Be7 11. Na3 O-O 12. Be3 f6 13. exf6 Bxf6 14. Bf4 Re8 15. Ne5 Bxe5 16. dxe5 Rf8 17. Bg3 Qe7 18. Rae1 c4 19. Bc2 Na7 20. Qg4 Nc5 21. Bh4 Qd7 22. Re3 Nd3 23. Bxd3 cxd3 24. Rxd3 Rae8 25. Re1 Ba6 26. Rdd1 Kh8 27. Nc2 Rf7 28. Ne3 Bb7 29. h3 Bc6 30. b3 Qb7 31. c4 Rd7 32. Qh5 Rg8 33. cxd5 Bxd5 34. Rd3 Be4 35. Rdd1 Rxd1 36. Rxd1 Qc7 37. Qg4 Bg6 38. Qxe6 Nc8 39. Rd7 Qc1+ 40. Kh2 Re8 41. Rd8 1-0

[Event "World Youth U-16 Olympiad 2018"]
[Site "Konya"]
[Date "2018.11.28"]
[Round "5"]
[White "Martins, Bruno Andre Leite"]
[Black "Di, Xu Wei"]
[Result "1-0"]
[WhiteElo "2205"]
[BlackElo "1947"]
[Annotator "NA RC"]
[PlyCount "137"]
[EventDate "2018.11.25"]
[EventType "team-tourn"]
[EventCountry "TUR"]
[SourceTitle "playchess.com"]
[Source "ChessBase"]
[SourceQuality "1"]
[WhiteTeam "Portugal"]
[BlackTeam "Malaysia"]
[WhiteTeamCountry "POR"]
[BlackTeamCountry "MAS"]

1. e4 c5 2. Nf3 Nc6 3. d4 cxd4 4. Nxd4 g6 5. Nc3 Bg7 6. Nb3 Nf6 7. Bc4 O-O 8. O-O b6 9. Re1 d6 10. Nd5 Bb7 11. c3 Rc8 12. Bf1 Ne5 13. Bg5 Ned7 14. Qd2 Re8 15. Rad1 a6 16. f3 b5 17. Qf2 Nxd5 18. exd5 Nf6 19. Bxf6 Bxf6 20. g3 Qc7 21. f4 Rb8 22. h4 Bc8 23. Nd4 Bd7 24. Kh2 Qc5 25. Qf3 b4 26. Bxa6 bxc3 27. bxc3 Ra8 28. Qd3 Qxd5 29. Bc4 Qc5 30. Bb3 e5 31. fxe5 dxe5 32. Qf3 Ra6 33. Nc2 Qc8 34. Nb4 Bg4 35. Qd3 Ra7 36. Nd5 Bg7 37. Rd2 Qc5 38. Qe3 Qa5 39. Rf1 Qa6 40. Rdf2 Be6 41. Nf6+ Bxf6 42. Rxf6 Qa5 43. Bxe6 fxe6 44. R1f2 Rc7 45. Qf3 Qc5 46. a4 Qe7 47. h5 Kg7 48. hxg6 hxg6 49. a5 Rh8+ 50. Kg2 Rh6 51. Qe3 Qd6 52. Qf3 Qe7 53. a6 Ra7 54. Qe3 Qc7 55. Rf7+ Qxf7 56. Rxf7+ Rxf7 57. Qxe5+ Kf8 58. a7 Rxa7 59. Qb8+ Kf7 60. Qxa7+ Kf6 61. Qd4+ Kf7 62. Qf4+ Kg7 63. c4 Rh5 64. c5 Rf5 65. c6 Kg8 66. Qxf5 exf5 67. c7 Kg7 68. c8=Q Kh6 69. Qh8+ 1-0

[Event "World Youth U-16 Olympiad 2018"]
[Site "Konya"]
[Date "2018.11.28"]
[Round "5"]
[White "Beydullayeva, Govhar"]
[Black "Urh, Zala"]
[Result "1-0"]
[WhiteElo "2202"]
[BlackElo "2066"]
[Annotator "TA"]
[PlyCount "57"]
[EventDate "2018.11.25"]
[EventType "team-tourn"]
[EventCountry "TUR"]
[SourceTitle "playchess.com"]
[Source "ChessBase"]
[SourceQuality "1"]
[WhiteTeam "Azerbaijan"]
[BlackTeam "Slovenia"]
[WhiteTeamCountry "AZE"]
[BlackTeamCountry "SLO"]

1. d4 Nf6 2. c4 e6 3. Nf3 d5 4. g3 Be7 5. Bg2 O-O 6. O-O dxc4 7. Qc2 a6 8. a4 Bd7 9. Qxc4 Bc6 10. Bg5 Bd5 11. Qc2 Be4 12. Qc1 c5 13. dxc5 Nbd7 14. Rd1 Qc8 15. Nbd2 Bxc5 16. Nxe4 Nxe4 17. Be3 Rd8 18. Ne1 Nd6 19. Nd3 Bxe3 20. Qxe3 Nf6 21. Rac1 Qd7 22. Qb6 Qe7 23. Nc5 Rab8 24. Rd3 Nfe8 25. Rcd1 f6 26. Nxe6 Nc4 27. Qxd8 Rxd8 28. Rxd8 Nxb2 29. R1d7 1-0

[Event "World Youth U-16 Olympiad 2018"]
[Site "Konya"]
[Date "2018.11.28"]
[Round "5"]
[White "Skalsky, Alexandr"]
[Black "Kamer, Kayra"]
[Result "1/2-1/2"]
[WhiteElo "2202"]
[BlackElo "2290"]
[Annotator "NA RC"]
[PlyCount "85"]
[EventDate "2018.11.25"]
[EventType "team-tourn"]
[EventCountry "TUR"]
[SourceTitle "playchess.com"]
[Source "ChessBase"]
[SourceQuality "1"]
[WhiteTeam "Czech Republic"]
[BlackTeam "Turkey"]
[WhiteTeamCountry "CZE"]
[BlackTeamCountry "TUR"]

1. e4 c5 2. Nf3 e6 3. d4 cxd4 4. Nxd4 a6 5. c4 Nf6 6. Nc3 Qc7 7. Be2 Bb4 8. O-O O-O 9. Bg5 Be7 10. Be3 d6 11. Qd2 b6 12. Rfc1 Bb7 13. f3 Nbd7 14. a4 Rab8 15. Nd1 Ne5 16. b4 Qd7 17. a5 bxa5 18. Rxa5 Rbc8 19. Nb2 h5 20. Ra3 h4 21. Na4 Qd8 22. Nb3 Ned7 23. c5 dxc5 24. Naxc5 Nxc5 25. Qxd8 Rfxd8 26. Bxc5 Bxc5+ 27. bxc5 Rc7 28. Bxa6 Bxa6 29. Rxa6 Rd3 30. Na5 h3 31. c6 Nd7 32. Ra8+ Kh7 33. Rd8 Ne5 34. Rxd3 Nxd3 35. Rc3 Nf4 36. Rc2 hxg2 37. Nb3 e5 38. Kf2 Kg6 39. Nc1 Kf6 40. Ne2 Nd3+ 41. Kg1 Ke6 42. Rc3 Nb4 43. Kxg2 1/2-1/2

[Event "World Youth U-16 Olympiad 2018"]
[Site "Konya"]
[Date "2018.11.28"]
[Round "5"]
[White "Borhy, Marcell"]
[Black "Olsen, Filip Boe"]
[Result "1/2-1/2"]
[WhiteElo "2201"]
[BlackElo "2335"]
[Annotator "TA"]
[PlyCount "66"]
[EventDate "2018.11.25"]
[EventType "team-tourn"]
[EventCountry "TUR"]
[SourceTitle "playchess.com"]
[Source "ChessBase"]
[SourceQuality "1"]
[WhiteTeam "Hungary"]
[BlackTeam "Denmark"]
[WhiteTeamCountry "HUN"]
[BlackTeamCountry "DEN"]

1. d4 Nf6 2. c4 e6 3. g3 d5 4. Nf3 Bb4+ 5. Bd2 Be7 6. Bg2 O-O 7. Qc2 Nbd7 8. O-O c6 9. Bf4 b6 10. Rd1 Ba6 11. Ne5 Rc8 12. cxd5 Nxd5 13. Nxc6 Nb4 14. Qa4 Nxc6 15. Bxc6 Bxe2 16. Re1 b5 17. Bxb5 Nb6 18. Qb3 Bxb5 19. Qxb5 Nd5 20. Be3 Bb4 21. Rd1 Rc2 22. Qd3 Nxe3 23. Qxe3 Rxb2 24. Qc1 Re2 25. Qc4 Re1+ 26. Rxe1 Bxe1 27. Nc3 Bxc3 28. Qxc3 Qd5 29. Qc5 Qxc5 30. dxc5 Rc8 31. Rb1 g6 32. Rb7 a6 33. Rb6 Rxc5 1/2-1/2

[Event "World Youth U-16 Olympiad 2018"]
[Site "Konya"]
[Date "2018.11.28"]
[Round "5"]
[White "Fecker, Noah"]
[Black "Duran, Esma Doga"]
[Result "1/2-1/2"]
[WhiteElo "2184"]
[BlackElo "1908"]
[Annotator "NA RC"]
[PlyCount "87"]
[EventDate "2018.11.25"]
[EventType "team-tourn"]
[EventCountry "TUR"]
[SourceTitle "playchess.com"]
[Source "ChessBase"]
[SourceQuality "1"]
[WhiteTeam "Switzerland"]
[BlackTeam "Turkey"]
[WhiteTeamCountry "SUI"]
[BlackTeamCountry "TUR"]

1. e4 e6 2. d4 d5 3. Nd2 h6 4. c3 c5 5. exd5 exd5 6. Ngf3 Bd6 7. dxc5 Bxc5 8. Nb3 Bb6 9. Bd3 Ne7 10. Nbd4 Nbc6 11. O-O O-O 12. Bc2 Re8 13. h3 Qd6 14. Be3 Qf6 15. Re1 Bd7 16. Qd2 Rad8 17. Nxc6 bxc6 18. Bd4 Bxd4 19. Qxd4 Qxd4 20. cxd4 Nf5 21. Bxf5 Bxf5 22. Rac1 Rxe1+ 23. Rxe1 f6 24. Re7 Rd7 25. Re8+ Kh7 26. Rc8 Rb7 27. Rxc6 Rxb2 28. Ra6 Rb7 29. Ra5 Be4 30. Nd2 Rb2 31. Nxe4 dxe4 32. Rxa7 Rd2 33. Ra4 Kg6 34. Kf1 Kf5 35. Ke1 e3 36. g4+ Ke4 37. fxe3 Rh2 38. Ra3 Rxh3 39. Kf2 Rh2+ 40. Kg3 Re2 41. Kh4 Rh2+ 42. Kg3 Re2 43. Kh3 g6 44. Kg3 1/2-1/2

[Event "World Youth U-16 Olympiad 2018"]
[Site "Konya"]
[Date "2018.11.28"]
[Round "5"]
[White "Li, Wenxiang"]
[Black "Zhalmakhanov, Ramazan"]
[Result "1-0"]
[WhiteElo "2172"]
[BlackElo "2316"]
[Annotator "TA"]
[PlyCount "106"]
[EventDate "2018.11.25"]
[EventType "team-tourn"]
[EventCountry "TUR"]
[SourceTitle "playchess.com"]
[Source "ChessBase"]
[SourceQuality "1"]
[WhiteTeam "China"]
[BlackTeam "Kazakhstan"]
[WhiteTeamCountry "CHN"]
[BlackTeamCountry "KAZ"]

1. c4 Nf6 2. Nc3 e5 3. Nf3 Nc6 4. e3 Be7 5. d4 exd4 6. Nxd4 O-O 7. Be2 Re8 8. O-O Nxd4 9. Qxd4 Bd6 10. Bf3 Be5 11. Qd2 d6 12. b3 Ng4 13. Bxg4 Bxg4 14. f3 Bd7 15. Bb2 Bc6 16. e4 f5 17. exf5 Qf6 18. Nd5 Qf7 19. Bxe5 Rxe5 20. Rae1 Rae8 21. Rxe5 dxe5 22. Ne3 Re7 23. Qd8+ Re8 24. Qg5 h6 25. Qh4 Bd7 26. Qe4 Bc6 27. Qd3 e4 28. fxe4 Rxe4 29. h3 Qe7 30. f6 Rxe3 31. f7+ Kf8 32. Qh7 Qxf7 33. Rxf7+ Kxf7 34. Qf5+ Kg8 35. Qf2 Rd3 36. b4 a6 37. Qf4 Rc3 38. a4 Rc2 39. b5 axb5 40. axb5 Bxg2 41. Qxc7 Kh7 42. Qe5 Kh8 43. h4 Bf3 44. Qe8+ Kh7 45. Qe3 Bh5 46. Qe5 Bf7 47. c5 h5 48. c6 b6 49. c7 Bg6 50. Qd6 Bf5 51. Qxb6 Rc4 52. Qd6 Rc2 53. b6 Rb2 1-0

[Event "World Youth U-16 Olympiad 2018"]
[Site "Konya"]
[Date "2018.11.28"]
[Round "5"]
[White "Piyumantha, M Sasith Nipun"]
[Black "Pacan-Milej, Kosma"]
[Result "0-1"]
[WhiteElo "2167"]
[BlackElo "2334"]
[Annotator "NA RC"]
[PlyCount "58"]
[EventDate "2018.11.25"]
[EventType "team-tourn"]
[EventCountry "TUR"]
[SourceTitle "playchess.com"]
[Source "ChessBase"]
[SourceQuality "1"]
[WhiteTeam "Sri Lanka"]
[BlackTeam "Poland"]
[WhiteTeamCountry "SRI"]
[BlackTeamCountry "POL"]

1. d4 Nf6 2. c4 c5 3. d5 b5 4. cxb5 a6 5. b6 d6 6. Nc3 Nbd7 7. Nf3 g6 8. e4 Bg7 9. a4 Qxb6 10. a5 Qb4 11. Ra4 Qb7 12. Be2 O-O 13. O-O Ne8 14. Ra3 Nc7 15. Rb3 Qa7 16. Nd2 Rb8 17. Rxb8 Qxb8 18. Nc4 Nb5 19. Na4 Nf6 20. f3 e6 21. dxe6 Bxe6 22. Ncb6 Nd4 23. Bxa6 Qa7 24. Bc4 Qxa5 25. Bd2 Qa7 26. Kh1 Rb8 27. Nd5 Nxd5 28. exd5 Bf5 29. Qa1 Ra8 0-1

[Event "World Youth U-16 Olympiad 2018"]
[Site "Konya"]
[Date "2018.11.28"]
[Round "5"]
[White "Brilej, Jaka"]
[Black "Li, Henry"]
[Result "0-1"]
[WhiteElo "2101"]
[BlackElo "2219"]
[Annotator "NA RC"]
[PlyCount "81"]
[EventDate "2018.11.25"]
[EventType "team-tourn"]
[EventCountry "TUR"]
[SourceTitle "playchess.com"]
[Source "ChessBase"]
[SourceQuality "1"]
[WhiteTeam "Slovenia"]
[BlackTeam "Ireland"]
[WhiteTeamCountry "SLO"]
[BlackTeamCountry "IRL"]

1. e4 c5 2. Nf3 Nc6 3. d4 cxd4 4. Nxd4 Nf6 5. Nc3 e5 6. Ndb5 d6 7. Bg5 a6 8. Na3 b5 9. Nd5 Be7 10. Bxf6 Bxf6 11. c3 Bg5 12. Nc2 Rb8 13. a4 bxa4 14. Ncb4 Bd7 15. Bxa6 Nxb4 16. Nxb4 Qa5 17. Qxd6 Rb6 18. Qd3 Be7 19. Nd5 Rxb2 20. O-O Qc5 21. Nxe7 Kxe7 22. Rad1 Be6 23. Qg3 Ra8 24. Qg5+ f6 25. Qxg7+ Bf7 26. Rd7+ Kxd7 27. Qxf7+ Kc6 28. Bc4 Kb6 29. Bd5 Rb8 30. Qxf6+ Ka5 31. Qxe5 Rxf2 32. Qd4 Rxf1+ 33. Kxf1 Qxd4 34. cxd4 Rd8 35. Ba2 Rxd4 36. e5 Rf4+ 37. Kg1 Kb4 38. e6 Kc5 39. g3 Rf8 40. g4 Kd6 41. h4 0-1

[Event "World Youth U-16 Olympiad 2018"]
[Site "Konya"]
[Date "2018.11.28"]
[Round "5"]
[White "Navaratnam, Rohan Shan Tze"]
[Black "Veiga, Jose Francisco R P "]
[Result "0-1"]
[WhiteElo "2097"]
[BlackElo "2305"]
[Annotator "NA RC"]
[PlyCount "70"]
[EventDate "2018.11.25"]
[EventType "team-tourn"]
[EventCountry "TUR"]
[SourceTitle "playchess.com"]
[Source "ChessBase"]
[SourceQuality "1"]
[WhiteTeam "Malaysia"]
[BlackTeam "Portugal"]
[WhiteTeamCountry "MAS"]
[BlackTeamCountry "POR"]

1. e4 e5 2. Nf3 Nc6 3. Bc4 Bc5 4. c3 Nf6 5. d4 exd4 6. e5 d5 7. Be2 Ne4 8. cxd4 Bb4+ 9. Bd2 Nxd2 10. Nbxd2 O-O 11. O-O f6 12. Rc1 Bg4 13. Nb3 Re8 14. a3 Be7 15. h3 Bxf3 16. Bxf3 Kh8 17. Nc5 Bxc5 18. Rxc5 fxe5 19. dxe5 Nxe5 20. Bxd5 Qe7 21. Qc2 c6 22. Bb3 Rad8 23. Rc3 Ng6 24. Re3 Qg5 25. Rfe1 Rf8 26. Qc3 Qh4 27. R1e2 Nf4 28. Rd2 Rxd2 29. Qxd2 Qg5 30. f3 Nxg2 31. Rd3 Nf4+ 32. Kf1 Qh4 33. Rd4 Qxh3+ 34. Ke1 Qh1+ 35. Kf2 Nh3+ 0-1

[Event "World Youth U-16 Olympiad 2018"]
[Site "Konya"]
[Date "2018.11.28"]
[Round "5"]
[White "Kistrup, Nicolai"]
[Black "Juhasz, Agoston"]
[Result "0-1"]
[WhiteElo "2092"]
[BlackElo "2139"]
[Annotator "NA RC"]
[PlyCount "144"]
[EventDate "2018.11.25"]
[EventType "team-tourn"]
[EventCountry "TUR"]
[SourceTitle "playchess.com"]
[Source "ChessBase"]
[SourceQuality "1"]
[WhiteTeam "Denmark"]
[BlackTeam "Hungary"]
[WhiteTeamCountry "DEN"]
[BlackTeamCountry "HUN"]

1. d4 d5 2. c4 c6 3. Nf3 Nf6 4. e3 g6 5. Bd3 Bg7 6. Qc2 O-O 7. Nc3 c5 8. dxc5 Nc6 9. Nxd5 Nxd5 10. cxd5 Qxd5 11. Bd2 Bg4 12. Be4 Qh5 13. O-O Rad8 14. Bc3 e5 15. b4 Ne7 16. h3 Bc8 17. Qb2 f6 18. Rad1 Rxd1 19. Rxd1 g5 20. b5 g4 21. hxg4 Bxg4 22. Bxb7 Kh8 23. Be4 Rg8 24. Kf1 Qh1+ 25. Ke2 Qxg2 26. Qb1 Bh6 27. Rh1 Nf5 28. Rxh6 Nxh6 29. b6 Nf5 30. b7 Ng3+ 31. Kd3 Qxf2 32. Kc4 Be6+ 33. Kb5 Qxe3 34. Ka6 Qxc3 35. b8=Q Qa3+ 36. Kb7 Rxb8+ 37. Kxb8 Qxc5 38. Bb7 Qd6+ 39. Kxa7 Qa3+ 40. Kb8 Bxa2 41. Qc2 Qf8+ 42. Ka7 Bf7 43. Qc3 Nf5 44. Qc6 Nd6 45. Ba6 Qe7+ 46. Kb6 e4 47. Nd4 e3 48. Bd3 Qe5 49. Ne2 Be8 50. Qf3 Bb5 51. Qa8+ Be8 52. Qf3 Bg6 53. Ba6 Bh5 54. Qa8+ Kg7 55. Qa7+ Kh6 56. Qc7 Bxe2 57. Bxe2 Qb2+ 58. Kc5 Nb7+ 59. Kd5 Qxe2 60. Qf4+ Kh5 61. Qf5+ Kh4 62. Qxf6+ Kg3 63. Qg5+ Kf2 64. Qh4+ Kg2 65. Qg5+ Kf1 66. Qf5+ Qf2 67. Qb1+ Kg2 68. Qxh7 e2 69. Qg6+ Kf1 70. Qd3 Nc5 71. Qb5 Qe3 72. Kd6 Qd3+ 0-1